000 00617nam a2200229Ia 4500
003 OSt
005 20220926041737.0
006 a|||||r|||| 00| 0
007 ta
008 220923b |||||||| |||| 00| 0 eng d
037 _cGeneral Book
040 _aRTL
_cRTL
_beng
041 _2eng
_aeng
082 _aW691y1.1.N2, J6
100 _aDegras Jane Ed.
_9129444
245 0 _aCommunist international 1919-1943
_b Documents
260 _c1956
490 _vV 1: 1919-1922
650 _aCommunism
_929280
942 _hW691y1.1.N2, J6
_cGB
_2CC
999 _c667951
_d667951